All Miguel Songs (October 2025) - Statistics

General Stats
  • This quiz has been taken 7 times
    6 since last reset
  • The average score is 60 of 139
Answer Stats
Year Song % Correct
...All
100%
All I Want Is You (feat. J. Cole)
100%
2010 Sure Thing
100%
2012 Adorn
83%
Adorn (feat. Jessie Ware)
83%
Adorn - Remix (feat. Wiz Khalifa)
83%
CAOS
83%
coffee
83%
Coffee (F***ing) (feat. Wale)
83%
How Many Drinks?
83%
How Many Drinks? - Remix (feat. Kendrick Lamar)
83%
Kaleidoscope Dream
83%
Quickie
83%
Sky Walker (feat. Travis Scott)
83%
2018 Sky Walker - Recorded at Spotify Studios NYC
83%
Sky Walker - Spanish Version
83%
the valley
83%
waves - Alt Version (feat. Joshua Tree)
83%
waves - Mix (feat. RAC)
83%
waves - Remix (feat. Kacey Musgraves)
83%
2016 waves - Remix (feat. Tame Impala)
83%
waves - Remix (feat. Travis Scott)
83%
Arch & Point
67%
Candles in the Sun
67%
City of Angels
67%
2017 Criminal (feat. Rick Ross)
67%
2019 Criminal - Spanish Version (feat. C. Tangana)
67%
Don't Look Back
67%
Do You...
67%
Girl With The Tattoo Enter.lewd
67%
leaves
67%
My Piece
67%
2013 Power Trip (with J. Cole)
67%
Pussy is Mine
67%
Simple Things
67%
Simple Things - Remix (feat. Chris Brown & Future)
67%
Te Lo Dije - Spanish Version (feat. Flor de Toloache)
67%
The Thrill
67%
Told You So
67%
Vixen
67%
waves
67%
2015 a beautiful exit
50%
Always Time
50%
Anointed
50%
Banana Clip
50%
Banana Clip - Spanish Version
50%
Caramelo Duro (feat. Kali Uchis)
50%
Caramelo Duro - Spanish Version (feat. Kali Uchis)
50%
Come Through and Chill (feat. J.Cole & Salaam Remi)
50%
face the sun (feat. Lenny Kravitz)
50%
Girls Like You
50%
2023 Give It To Me
50%
...goingtohell
50%
Hard Way
50%
Harem
50%
Hero
50%
Hollywood Dreams
50%
New Martyrs (Ride 4 U)
50%
Number 9 (feat. Lil Yachty)
50%
Overload Enter.lewd
50%
Pay Me
50%
Pineapple Skies
50%
RIP
50%
Teach Me
50%
To The Moon
50%
Use Me
50%
what's normal anyway
50%
Wolf (feat. QUIN)
50%
Angel's Song
33%
Broads
33%
COMMA / KARMA (feat. George Clinton)
33%
damned
33%
DEAL
33%
destinado a morir
33%
destinado a morir (enter.lewd)
33%
2022 Don't Forget My Love (with Diplo)
33%
El Pleito
33%
FLESH
33%
2021 Funeral
33%
gfg
33%
Got Friends (with GoldLink)
33%
Gravity
33%
I Found You / Nilda's Story (with benny blanco & Calvin Harris)
33%
Light Me Up (with RL Grime & Julia Michaels)
33%
Lotus Flower Bomb (with Wale)
33%
Nearsight [SID]
33%
Now
33%
NWA (feat. Kurupt)
33%
Oscillate
33%
Perderme
33%
Python
33%
Remind Me to Forget (with Kygo)
33%
Stay Woke (with Meek Mill)
33%
Sunbathe (with Tainy)
33%
Sweet Dreams (with j-hope)
33%
The Killing
33%
2020 Too Much (with Ro James)
33%
Triggered
33%
Weekend (with Mac Miller)
33%
Where's the Fun in Forever
33%
2 LOVIN U (with DJ Premier)
17%
Ashley (with Big Sean)
17%
DEATH FANTASY (with Kilo Kish)
17%
Get You - Recorded at Spotify Studios NYC
17%
Good Lovin (with Ludacris)
17%
Happiness Over Everything (H.O.E.) (with Jhené Aiko & Future)
17%
**JEANS (with Jessie Reyez)**
17%
negotiate (with Kilo Kish)
17%
Oásis (with Emicida)
17%
Ooh Ahh!
17%
Overtime (with ScHoolboy Q & Justine Skye)
17%
Party Life
17%
Primetime (with Janelle Monáe)
17%
Remember Me (Dúo) (feat. Natalia Lafourcade)
17%
2024 Saturnine (with Justice)
17%
Shockandawe
17%
Show Me Love (with Alicia Keys)
17%
So I Lie
17%
Sunshine (with KYLE)
17%
That I Do - FTRMX Remix
17%
Thinking Out Loud
17%
2014 This Is Not A Game (with The Chemical Brothers)
17%
Triangle Love
17%
Bennie And The Jets (feat. Wale)
0%
Earth (with Lil Dicky, Justin Bieber, Ariana Grande, Halsey, Zac Brown, Brendon Urie, Hailee Steinfeld, Wiz Khalifa, Snoop Dogg, Kevin Hart, Adam Levine, Shawn Mendes, Charlie Puth, Sia, Miley Cyrus, Lil Jon, Rita Ora, Katy Perry, Lil Yachty, Ed Sheeran, Meghan Trainor, Joel Embiid, Tory Lanez, John Legend, Psy, Bad Bunny, Kris Wu, Backstreet Boys & Leonardo DiCaprio)
0%
Everybody Watching (with Snoop Dogg & Raphael Saadiq)
0%
Good Intentions (with Disclosure)
0%
hoe (with Jhené Aiko)
0%
Lost In Your Light (with Dua Lipa)
0%
Madrugada Sinistra (with Mc Menso, Mc Morena, Mc Teteu & Mc Gw)
0%
2025 Mi cancion para ti - Acustica
0%
No Smoke (with The Game & Travis Barker)
0%
Overload (with John Legend)
0%
R.A.N.
0%
Satisfied (with Sia & Queen Latifah)
0%
2011 Strawberry Amazing
0%
Summer On Smash (with Nas & Swizz Beatz)
0%
VIOLENT DREAMS
0%
No matching quizzes found
Score Distribution
Percent of People with Each Score
Percentile by Number Answered
Your Score History
You have not taken this quiz since the last reset